Goat Meat production in Asia: (Record no. 1445)

MARC details
000 -LEADER
fixed length control field 00663nam a22001937a 4500
005 - DATE AND TIME OF LATEST TRANSACTION
control field 20241126141936.0
008 - FIXED-LENGTH DATA ELEMENTS--GENERAL INFORMATION
fixed length control field 241126b |||||||| |||| 00| 0 eng d
040 ## - CATALOGING SOURCE
Original cataloging agency KMU
Transcribing agency KMU
Modifying agency KMU
Description conventions rda
050 ## - LIBRARY OF CONGRESS CALL NUMBER
Classification number SF 383.5.A87
111 ## - MAIN ENTRY--MEETING NAME
Meeting name or jurisdiction name as entry element Goat Meat production in Asia:
Location of meeting Proceedings of the workshop held in Tando Jam, Parkistan.
Date of meeting or treaty signing 13-18 March 1998
245 ## - TITLE STATEMENT
Title Goat Meat production in Asia:
Remainder of title Proceedings of the workshop held in Tando Jam, Parkistan.
Statement of responsibility, etc. edited by C.Devendra
260 ## - PUBLICATION, DISTRIBUTION, ETC.
Place of publication, distribution, etc. Canda:
300 ## - PHYSICAL DESCRIPTION
Extent 262 p.:
Other physical details ill.;
Dimensions 27cm
500 ## - GENERAL NOTE
General note Include List of participants
650 ## - SUBJECT ADDED ENTRY--TOPICAL TERM
Topical term or geographic name entry element Goat production
650 ## - SUBJECT ADDED ENTRY--TOPICAL TERM
Topical term or geographic name entry element Asia
700 ## - ADDED ENTRY--PERSONAL NAME
Personal name Devendra,C.
942 ## - ADDED ENTRY ELEMENTS (KOHA)
Source of classification or shelving scheme Library of Congress Classification
Koha item type Non-Fiction
Suppress in OPAC No
Holdings
Withdrawn status Lost status Source of classification or shelving scheme Damaged status Not for loan Collection Home library Current library Shelving location Date acquired Total Checkouts Full call number Barcode Date last seen Price effective from Koha item type
    Library of Congress Classification     Non-fiction Kapasa Makasa University Kapasa Makasa University Open Access 26.11.2024   SF 383.5.A86 Int 712833 26.11.2024 26.11.2024 Non-Fiction